Business law (Record no. 6666)

MARC details
000 -LEADER
fixed length control field 00569cam a2200241ua 4500
001 - CONTROL NUMBER
control field 7548
005 - DATE AND TIME OF LATEST TRANSACTION
control field 20260515114228.0
008 - FIXED-LENGTH DATA ELEMENTS--GENERAL INFORMATION
fixed length control field 141212n ii |||gr||||Z||||||eng
020 ## - INTERNATIONAL STANDARD BOOK NUMBER
International Standard Book Number 9789327244816
040 ## - CATALOGING SOURCE
Transcribing agency MAIN
041 ## - LANGUAGE CODE
Language code of text/sound track or separate title eng
082 ## - DEWEY DECIMAL CLASSIFICATION NUMBER
Classification number 346.07
100 ## - MAIN ENTRY--PERSONAL NAME
Personal name Garg, K. C.,
Relator term Author.
245 ## - TITLE STATEMENT
Title Business law
Statement of responsibility, etc. By K.C. Garg
250 ## - EDITION STATEMENT
Edition statement 7th rev.
260 ## - PUBLICATION, DISTRIBUTION, ETC.
Place of publication, distribution, etc. New Delhi:
Name of publisher, distributor, etc. Kalyani,
Date of publication, distribution, etc. 2014.
300 ## - PHYSICAL DESCRIPTION
Extent 202p.
653 ## - INDEX TERM--UNCONTROLLED
Uncontrolled term Private law
653 ## - INDEX TERM--UNCONTROLLED
Uncontrolled term Business law
700 ## - ADDED ENTRY--PERSONAL NAME
Personal name Sareen, V. K.,
Relator term Author.
700 ## - ADDED ENTRY--PERSONAL NAME
Personal name Sharma, M.,
Relator term Author.
942 ## - ADDED ENTRY ELEMENTS (KOHA)
Koha item type Books
Holdings
Withdrawn status Lost status Damaged status Not for loan Home library Current library Shelving location Date acquired Total checkouts Full call number Barcode Date last seen Date last checked out Copy number Price effective from Koha item type
        Naharkatiya College Library Naharkatiya College Library General stacks 09/19/2020 13 346.07 | GAR 22551 11/13/2025 11/03/2025 2 09/19/2020 Books
        Naharkatiya College Library Naharkatiya College Library General stacks 09/19/2020 7 346.07 | GAR 22552 02/28/2022 02/09/2022 1 09/19/2020 Books